Catálogo de la documentación referente a los archivos, bibliotecas y museos arqueológicos que se custodia en el Archivo del Ministerio de Educación Nacional / (Record no. 123968)

MARC details
000 -LEADER
campo de control de longitud fija 01359nam a2200265 4500
001 - NÚMERO DE CONTROL
campo de control 123968
003 - IDENTIFICADOR DE NÚMERO DE CONTROL
campo de control ES-MaACL
005 - FECHA Y HORA DE LA ÚLTIMA TRANSACCIÓN
campo de control 20250811065947.0
007 - CAMPO FIJO DE DESCRIPCIÓN FÍSICA--INFORMACIÓN GENERAL
campo de control de longitud fija t|
008 - DATOS DE LONGITUD FIJA--INFORMACIÓN GENERAL
campo de control de longitud fija 070214s1950 sp r ||||1| spa d
100 1# - ENTRADA PRINCIPAL--NOMBRE DE PERSONA
Nombre de persona Ramos Ruiz, Carlos.
9 (RLIN) 95355
245 10 - MENCIÓN DEL TÍTULO
Título Catálogo de la documentación referente a los archivos, bibliotecas y museos arqueológicos que se custodia en el Archivo del Ministerio de Educación Nacional /
Mención de responsabilidad, etc. redactado por Carlos Ramos Ruiz ; prólogo de Miguel Bordonau y Más.
260 ## - PUBLICACIÓN, DISTRIBUCIÓN, ETC.
Lugar de publicación, distribución, etc. Madrid :
Nombre del editor, distribuidor, etc. [s.n.],
Fecha de publicación, distribución, etc. 1950 (
Fabricante Imp. Góngora)
300 ## - DESCRIPCIÓN FÍSICA
Extensión XVI, 448 p. ;
Dimensiones 24 cm.
500 ## - NOTA GENERAL
Nota general Precede al Tit : Cuerpo Facultativo de Archiveros, Bibliotecarios y Arqueólogos.
510 ## - NOTA DE CITAS O REFERENCIAS BIBLIOGRÁFICAS
Nombre de la fuente CCPB,
Localización dentro de la fuente 000771728-8.
610 10 - PUNTO DE ACCESO ADICIONAL DE MATERIA--NOMBRE DE ENTIDAD CORPORATIVA
Nombre de entidad corporativa o nombre de jurisdicción como elemento de entrada España.
Unidad subordinada Ministerio de Educación Nacional.
-- Archivo-
Subdivisión de forma Catálogos
9 (RLIN) 239943
700 1# - ENTRADA AGREGADA--NOMBRE PERSONAL
Nombre de persona Bordonau Mas, Miguel.
9 (RLIN) 30417
710 2# - ENTRADA AGREGADA--NOMBRE DE ENTIDAD CORPORATIVA
Nombre de entidad corporativa o nombre de jurisdicción como elemento de entrada Cuerpo Facultativo de Archiveros, Bibliotecarios y Arqueólogos
9 (RLIN) 3354
852 ## - LOCALIZACIÓN
Ubicación ES-MaACL
Número de control de estantería D-6513
Sublocalización o colección R.30998
-- R.M.6104
itemnumber 128558
Ubicación en estantería Sala Valle Inclán
Marcas de propiedad Sello en tinta azul de la Biblioteca del Ateneo de Madrid.
Anotaciones manuscritas Anotación manuscrita a lápiz en cubierta: "55".
Nota libre "15.NOV.1951"
942 ## - ELEMENTOS DE ENTRADA SECUNDARIOS (KOHA)
Fuente del sistema de clasificación o colocación Clasificación decimal universal
Tipo de ítem Koha Libro impreso
Holdings
Estatus retirado Estado de pérdida Fuente del sistema de clasificación o colocación Estado de daño No para préstamo Colección Biblioteca de origen Biblioteca actual Ubicación en estantería Fecha de adquisición Total de préstamos Signatura topográfica completa Código de barras Visto por última vez Precio de reemplazo Tipo de ítem Koha
    Clasificación decimal universal     Biblioteca profesional Biblioteca del Ateneo de Madrid Biblioteca del Ateneo de Madrid Sala Valle Inclán 17/01/2008   D-6513 901129156 23/02/2023 23/02/2023 Libro impreso